Все Города Таджикистана - Statistics

General Stats
  • This quiz has been taken 25 times
  • The average score is 5 of 22
Answer Stats
Регион Город % Correct
Столица Душанбе
100%
Согдийская область Худжанд
71%
Хатлонская область Куляб
33%
Хатлонская область Бохтар
29%
Согдийская область Истаравшан
29%
Хатлонская область Дангара
29%
Горно-Бадахшанскаяавтономная область Хорог
29%
Согдийская область Бустон
24%
Согдийская область Исфара
19%
Районы республиканского подчинения Таджикистана Вахдат
19%
Районы республиканского подчинения Таджикистана Гиссар
19%
Районы республиканского подчинения Таджикистана Турсунзаде
14%
Согдийская область Канибадам
14%
Согдийская область Пенджикент
14%
Хатлонская область Нурек
14%
Согдийская область Истиклол
14%
Хатлонская область Левакант
14%
Согдийская область Гулистон
14%
Хатлонская область Ёвон
10%
Хатлонская область Пархар
5%
Районы республиканского подчинения Таджикистана Сомониён
5%
Районы республиканского подчинения Таджикистана Рогун
5%
No matching quizzes found
Score Distribution
Percent of People with Each Score
Percentile by Number Answered
Your Score History
You have not taken this quiz